1733 1700 1791 1731 1970 1776 1065 1725 1812 1209 1830 1133 1797 1353 1661 1824 1100 1104 1419 1539 1455 1834 1607 1173 1798 1396 1154 1080 1777 1250 1482 1831 1597 1475 1771 1404 1328 1746 1798 1354 1302 1223 1278 1407 1737 1493 1731 1802 1260 1344 1290 1255 1987 1553 1922 1379 1657 1681 1906 1991 1745 1861 1809 1805 1940 1098 1897 1849 1355 1668 1309 1500 1650 1902 1268 1197 1376 1490 1721 1252 1443 1890 1705 1224 1140 1336 1939 1416 1017 1143 1209 1300 1398 1770 1084 1779 1373 1868 1407 BCNSPRNW ULIB Ver.6.0+V

เปลี่ยนเป็นภาษาไทย

Change to English
 แสดงรายละเอียดบรรณานุกรม
  กลับหน้าหลัก

Brief Record : Get Marc (ISO 2709) : E-mail record : QR code < ปิดหน้าต่าง
LEADER : 00000nam 2200000uu 4500
001    13399121251
003     ULIB
008    121113s2554||||th 000 0 tha d
020    ^a9786167164731
050 4  ^aBF1486.T5^bฟ257ย
100 0  ^aเฟรด, เจสัน
245 00 ^aยกเครื่องความคิด/^cเฟรด, เจสัน,เขียน,^cอาสยา ฐกัดกุล
260    ^aกรุงเทพฯ:^bวีเลิร์น;^c2554.
300    ^a287 หน้า:;^c14 ซม.
650  7 ความคิด
700 0  ^aแฮนสัน, ฮีนีมเมอร์ เดวิด
945    ^p180^l0^i033026
945    ^p180^l0^i033027
995    ทศพร
999    ^aทศพร
รายการนี้ยังไม่มีแท็ก
คุณยังไม่ได้ล็อกอิน คุณสามารถมีกิจกรรมร่วมกับเว็บไซต์ได้ แต่ต้องล็อกอินก่อน ::
  ล็อกอิน

รายการสื่อสารสนเทศ

ลำดับที่ ประเภท เลขเรียก/บาร์โค้ด สถานที่ สถานะ
1. วิทยาศาสตร์การแพทย์ และสุขภาพ
หนังสือสำรอง
สถานะ=หนังสือสำรอง
BF1486.T5 ฟ257ย ฉ.1 
  Barcode: 033026
ห้องสมุดวิทยาเขตสวรรค์ประชารักษ์
►หนังสือทั่วไป
บนชั้น
2. วิทยาศาสตร์การแพทย์ และสุขภาพ
วิทยาศาสตร์การแพทย์ และสุขภาพ
BF1486.T5 ฟ257ย ฉ.2 
  Barcode: 033027
ห้องสมุดวิทยาเขตสวรรค์ประชารักษ์
►หนังสือทั่วไป
บนชั้น

รายการใกล้เคียง
    ผู้แต่ง [เฟรด, เจสัน]

    หัวเรื่อง [ความคิด]

BibComment


ยังไม่เคยถูกคอมเมนท์

คอมเมนท์ทรัพยากรรายการนี้
  คอมเมนท์: ยกเครื่องความคิด..


 Copyright 2026. Bcnsprnw @Library